Statistics for All Formula 1 Sauber/BMW Sauber drivers

Click here to take the quiz!

General Stats

  • This quiz has been taken 256 times
    (131 since last reset)
  • The average score is 20 of 30

Answer Stats

Years No. of races Name Nationality % Correct
2006–0957Robert KubicaPoland
96%
2001–03, 2006–10125Nick HeidfeldGermany
94%
2011–1239Sergio PérezMexico
93%
2015–present67Marcus EricssonSweden
92%
200117Kimi RäikkönenFinland
91%
2010–1258Kamui KobayashiJapan
89%
2002, 2004–0553Felipe MassaBrazil
89%
2005–0631Jacques VilleneuveCanada
85%
2013–1438Esteban GutiérrezMexico
81%
2018–present8Charles LeclercMonaco
77%
201319Nico HülkenbergGermany
75%
1994–96, 2002–0366Heinz-Harald FrentzenGermany
74%
2015–1640Felipe NasrBrazil
74%
2010–1115Pedro de la RosaSpain
73%
201419Adrian SutilGermany
73%
200017Mika SaloFinland
71%
1998–9932Jean AlesiFrance
69%
1996–9849Johnny HerbertUnited Kingdom
67%
20172Antonio GiovinazziItaly
66%
201719Pascal WehrleinGermany
65%
1993–9418JJ LehtoFinland
65%
20071Sebastian VettelGermany
64%
200418Giancarlo FisichellaItaly
63%
1999–200033Pedro DinizBrazil
47%
1993–9526Karl WendlingerAustria
40%
19975Nicola LariniItaly
22%
19978Gianni MorbidelliItaly
21%
19949Andrea de CesarisItaly
19%
19974Norberto FontanaArgentina
16%
199511Jean-Christophe BoullionFrance
12%

Score Distribution

Percentile by Number Answered

Percent of People with Each Score

Your Score History

You have not taken this quiz since the last reset